000 00793nam a22002777a 4500
003 CHAP
005 20220329134512.0
008 971013s1970 r 00010 d
010 _a21286
011 _a22258
035 _a26352
040 _cCHAP
082 _a800
_bD6Y
100 0 0 _aDowns, Robert B.
_934129
245 _aLibros que han cambiado el mundo
260 _aMadrid :
_bAguilar,
_c1970
300 _a305 p.
590 _aBATCH-UPD
_b10
_c20130110
_lUCH01
_h1905
590 _aBATCH-UPD
_b10
_c20130410
_lUCH01
_h1232
590 _aBATCH-UPD
_b10
_c20130914
_lUCH01
_h1220
590 _aCONVERSION
_b10
_c20130109
_lUCH01
_h1313
650 1 4 _aLiteratura
_xReseƱas.
_967118
901 _aBK
942 _cLIBRO
949 _a800 D6Y
_bBC
_cLIBRO
_d33724002009264
_eLIBRO
_h41345
_i26352
_si
999 _c21286
_d21286